La metamorfosis /

Guardado en:
Autor Principal: Kafka, Franz
Formato: Libro
Publicado: Buenos Aires : La Nación
Series:Libros ilustrados
Materias:
Etiquetas: Agregar Etiqueta
Sin Etiquetas, Sea el primero en etiquetar este registro!
LEADER 00553nam a22001935a 4500
001 CEM.cems011691
005 20070809112146.0
008 130507b######################000#0#####d
003 CEMS
082 0 4 |a F80O 
100 1 |a Kafka, Franz 
245 1 0 |a La metamorfosis /  |c Franz Kafka ; ilustraciones de Luis Scafati 
260 |a Buenos Aires :  |b La Nación 
300 |a 36 p. 
490 0 |a Libros ilustrados 
653 |a Literatura 
653 |a Literatura rusa 
653 |a Literatura rusa siglo 20 
859 |a CEMS  |b BIB. CEMS - 11 de abril  |h F80O  |i 36-2  |p 2075.44  |t Ej.1